000 00748cam a22002653a 4500
001 19681
003 PGUSA
005 20140828083422.0
008 061107s2006||||xxu|||||s|||||000 1 eng d
040 _aPGUSA
_beng
042 _adc
050 4 _aPG
100 1 _aTolstoy, Leo, graf,
_d1828-1910
245 1 0 _aДетство
_h[electronic resource] /
_cLeo, graf Tolstoy
260 _bProject Gutenberg,
_c2006
506 _aPublic domain in the USA.
516 _aElectronic text
653 _aMoscow (Russia) -- Social conditions -- Fiction
653 _aSocial problems -- Fiction
740 0 _aChildhood
740 0 _aDetstvo
830 0 _aProject Gutenberg
_v19681
856 4 0 _uhttp://www.gutenberg.org/ebooks/19681
942 _cEB
999 _c248936
_d248936